| 000 | 00392nam a22001457a 4500 | ||
|---|---|---|---|
| 082 |
_a621.313 _bWIL _cL-10, P-61 |
||
| 100 |
_aWilkison, Karl _941348 |
||
| 110 |
_aE. & F. N. Spon Ltd London _941349 |
||
| 245 | _aThe repair of small electric Motor | ||
| 260 | _aLondon | ||
| 300 |
_a180 p. : _bills. ; |
||
| 526 |
_a0 _b0 _c0 _d621_313000000000000_WIL |
||
| 650 |
_aMCE _9379 |
||
| 942 |
_2ddc _cBK |
||
| 999 |
_c545481 _d545481 |
||